| 000 | 004720000a22001810004500 | ||
|---|---|---|---|
| 003 | LK-CoMWRAF | ||
| 005 | 20230904222004.0 | ||
| 008 | 230817t2005 ||||| |||| 00| 0 eng d | ||
| 020 | _a9551266099 | ||
| 040 |
_aLK-CoMWRAF _dLK-CoMWRAF _eLK-CoMWRAF |
||
| 041 | _aeng | ||
| 082 |
_a954.93 _bMAH |
||
| 245 |
_aThe Mahavamsa : _bThe Great chronicle of Sri Lanka |
||
| 260 |
_aColombo : _bVijitha Yapa _c2005 |
||
| 300 | _a439p | ||
| 650 | _aSri Lanka - History | ||
| 942 | _cBK | ||
| 999 |
_c1320 _d1320 |
||